Catálogo
 En Linea

Cómo utilizar las flexibilidades previstas en el acuerdo sobre los ADPIC para proteger la salud pública mediante marcos regionales de cooperación sur-sur / (Registro nro. 24823)

Detalles MARC
000 -CABECERA
campo de control de longitud fija 01021nam a2200253 a 4500
001 - NÚMERO DE CONTROL
campo de control 000025331
005 - FECHA Y HORA DE LA ÚLTIMA TRANSACCIÓN
campo de control 20200930023719.0
008 - DATOS DE LONGITUD FIJA--INFORMACIÓN GENERAL
campo de control de longitud fija 110214s2004 sz a r 000 0 spa d
020 ## - NÚMERO INTERNACIONAL ESTÁNDAR DEL LIBRO
Número Internacional Estándar del Libro 9291620266
040 ## - FUENTE DE LA CATALOGACIÓN
Centro catalogador/agencia de origen DO-SdBNP
Lengua de catalogación spa
Centro/agencia transcriptor BNPHU
082 ## - NÚMERO DE LA CLASIFICACIÓN DECIMAL DEWEY
Número de clasificación xxxx
Número de documento/Ítem M991c
049 ## - FONDOS LOCALES (OCLC)
Fondos de biblioteca BNGR
100 1# - ENTRADA PRINCIPAL--NOMBRE DE PERSONA
Nombre de persona Musungu, Sisule F.
9 (RLIN) 51876
245 10 - MENCIÓN DE TÍTULO
Título Cómo utilizar las flexibilidades previstas en el acuerdo sobre los ADPIC para proteger la salud pública mediante marcos regionales de cooperación sur-sur /
Mención de responsabilidad, etc. Sisule F. Musungu , Susan Villanueva , Roxana Blasetti ; traducción Celina Iñones.
260 ## - PUBLICACIÓN, DISTRIBUCIÓN, ETC.
Lugar de publicación, distribución, etc. Génova :
Nombre del editor, distribuidor, etc. Centro del sur,
Fecha de publicación, distribución, etc. 2004.
300 ## - DESCRIPCIÓN FÍSICA
Extensión xv, 102 p. :
Otras características físicas il. ;
Dimensiones 21 cm.
490 1# - MENCIÓN DE SERIE
Mención de serie South Perspectives
500 ## - NOTA GENERAL
Nota general Incluye referencias bibliográficas p. [98-102].
504 ## - NOTA DE BIBLIOGRAFÍA, ETC.
Nota de bibliografía, etc. Incluye referencias bibliográficas y notas al pie de las páginas.
700 1# - PUNTO DE ACCESO ADICIONAL--NOMBRE DE PERSONA
Nombre de persona Villanueva, Susan
9 (RLIN) 51880
700 1# - PUNTO DE ACCESO ADICIONAL--NOMBRE DE PERSONA
Nombre de persona Blasetti, Roxana
9 (RLIN) 51881
700 1# - PUNTO DE ACCESO ADICIONAL--NOMBRE DE PERSONA
Nombre de persona Iñones, Celina,
Término indicativo de función/relación tr.
9 (RLIN) 51882
830 #0 - PUNTO DE ACCESO ADICIONAL DE SERIE-TÍTULO UNIFORME
Título uniforme South Perspectives
9 (RLIN) 51883
Existencias
Estado de retiro Estado de pérdida Restricciones de uso No para préstamo Código de colección Localización permanente Ubicación/localización actual Ubicación en estantería Fecha de adquisición Número de inventario Total de préstamos Signatura topográfica completa Código de barras Fecha visto por última vez Precio válido a partir de Tipo de ítem Koha Número de copia
        Monografías: Libros y Folletos General General Depósito 14.02.2011 LF1   xxxx M991c 25331-10 25.06.2020 25.06.2020 Préstamo en sala  
      Excluido de préstamo Monografías: Libros y Folletos General General Depósito 29.01.2015 LF1   xxxx M991c 25331-20 25.06.2020 25.06.2020 No se presta e. 2
        Monografías: Libros y Folletos General General Depósito 29.01.2015 LF1   xxxx M991c 25331-30 25.06.2020 25.06.2020 Préstamo en sala e. 3

Con tecnología Koha